Generálna dohoda na rok 1995

Text Generálnej dohody uzavretej 21.2.1995 s komentárom A. Machalíkovej (s.114-117) z pohľadu odborov.

Gespeichert in:
Bibliographische Detailangaben
Format: Buchkapitel
Sprache:Slowakisch
Schlagworte:
Tags: Tag hinzufügen
Keine Tags, Fügen Sie das erste Tag hinzu!

MARC

LEADER 00000naa a2200000 4500
001 r016692
005 20221213100117.4
041 0 |a slo 
044 |a SK 
245 1 0 |a Generálna dohoda na rok 1995 
520 |a Text Generálnej dohody uzavretej 21.2.1995 s komentárom A. Machalíkovej (s.114-117) z pohľadu odborov. 
610 2 0 |a zmluvy kolektívne 
610 2 0 |a Slovensko 
610 2 0 |a 1995 
610 2 0 |a vláda 
610 2 0 |a odbory 
610 2 0 |a zamestnávatelia 
610 2 0 |a komentáre